000 00348nam a2200145Ia 4500
008 231217s9999 xx 000 0 und d
041 _aEnglish
082 _a793.73 CAM;1
100 _aCameron, Joe comp.,
245 0 _aIQ puzzles
260 _c2003
_bJaico Publishing House,
_aMumbai
300 _a208
650 _aIQ,puzzles
942 _cAA
999 _c170492
_d170492